000 01150cam a22003374a 4500
001 15672456
005 20201128020736.0
008 090324s2009 caua b 001 0 eng
010 _a 2009419024
020 _a9780321564085
020 _a0321564081
040 _aDLC
_cDLC
050 0 0 _aQA76.73.J39
_bN44 2009
082 _222
_a005.133
_bNEG
100 1 _aNegrino, Tom.
_93097
245 1 0 _aJavaScript and Ajax for the Web :
_cTom Negrino, Dori Smith.
_bVisual quickstart guide /
246 1 4 _aJavaScript & Ajax
250 _a7th ed.
260 _aBerkeley, CA :
_bPeachpit Press,
_cc2009.
300 _axviii, 525 p. :
_bill. ;
_c23 cm.
440 0 _aVisual quickstart guide
_93098
500 _a"Revised bestseller expanded" --- cover
500 _a"Learn javascript and ajax the quick and easy way! " --- cover
504 _aIncludes bibliographical references and index.
650 0 _aJavaScript (Computer program language)
_93099
650 0 _aWeb sites
_xDesign.
_93100
650 0 _aInternet publishing.
_93101
700 1 _aSmith, Dori.
_93102
942 _2ddc
_cBB
999 _c11173
_d11173